000 00513nam a2200217Ia 4500
003 0100
008 130227s9999 xx 000 0 und d
020 _a333159764
040 _cARRUPELIB
050 _aBJ1461.Y68
100 _aYoung, Robert
245 _aFreedom, responsibility and God
260 _aLondon
260 _bMacmillan
260 _C1975
300 _ax
300 _b 254p 21cm
440 _aLibrary of philosophy & religion
650 _bAristotle Nicomachaean ethics
942 _2lcc
_02
999 _c543
_d543